[Event "HUN-chT2 Szechenyi 0809"]
[Site "Hungary"]
[Date "2009.01.25"]
[Round "6.10"]
[White "Kovacs, Andras"]
[Black "Magyar, Attila Andras"]
[Result "1/2-1/2"]
[WhiteElo "1981"]
[BlackElo "1863"]
[PlyCount "161"]
[EventDate "2008.10.26"]
[EventType "team-tourn"]
[EventRounds "11"]
[EventCountry "HUN"]
[SourceTitle "EXT 2010"]
[Source "ChessBase"]
[SourceDate "2010.11.25"]
[SourceVersion "1"]
[SourceVersionDate "2010.11.25"]
[SourceQuality "1"]
[WhiteTeam "Veszprem"]
[BlackTeam "Tapolca II"]
[WhiteTeamCountry "HUN"]
[BlackTeamCountry "HUN"]

1. d4 d5 2. Nf3 Nf6 3. e3 e6 4. Bd3 c5 5. b3 cxd4 6. exd4 Bd6 7. Nbd2 0-0 8. 0-0 Nc6 9. Bb2 Nb4 10. Be2 a6 11. c4 b6 12. a3 Nc6 13. b4 dxc4 14. Nxc4 b5 15. Ncd2 Nd5 16. g3 Bb7 17. Nb3 Qf6 18. Qd2 Rfd8 19. Nc5 Bc8 20. Rac1 Nce7 21. Ne4 Qg6 22. Nh4 Qh6 23. Qxh6 gxh6 24. Bf3 Ra7 25. Nc5 Ng6 26. Ng2 Nb6 27. Be2 e5 28. Ne4 Bf5 29. Nf6+ Kg7 30. Nh5+ Kf8 31. Ne3 Be6 32. Rc6 Nd5 33. Bf3 Nxe3 34. fxe3 exd4 35. Bxd4 Rc7 36. Bg7+ Kg8 37. Bxh6 Rxc6 38. Bxc6 Be5 39. Bb7 Rd6 40. Nf4 Bb2 41. Nxe6 Rxe6 42. Rd1 Nf8 43. Bf4 Bxa3 44. Bd5 Rg6 45. Be4 Re6 46. Bd5 Rg6 47. Rb1 Ne6 48. Be4 Rf6 49. Be5 Rh6 50. Rb3 Bc1 51. Rc3 Bd2 52. Rc8+ Nf8 53. Bf4 Re6 54. Bxh7+ Kxh7 55. Rxf8 Kg7 56. Ra8 Bxb4 57. h4 a5 58. Rb8 Bd6 59. Rxb5 Bxf4 60. exf4 Re1+ 61. Kf2 Ra1 62. Ke2 a4 63. Kd2 a3 64. Ra5 a2 65. Kc2 Rg1 66. Rxa2 Rxg3 67. Ra5 Rg4 68. Rg5+ Rxg5 69. hxg5 f6 70. gxf6+ Kxf6 71. Kd3 Kf5 72. Ke3 Kf6 73. Ke4 Ke6 74. f5+ Kf6 75. Kf4 Kf7 76. Kg5 Kg7 77. f6+ Kf7 78. Kf5 Kf8 79. Ke6 Ke8 80. f7+ Kf8 81. Kf6 1/2-1/2

[Event "HUN-chT2 Szechenyi 0708"]
[Site "Hungary"]
[Date "2008.03.16"]
[Round "8"]
[White "Magyar, Attila Andras"]
[Black "Varga, Melinda"]
[Result "0-1"]
[WhiteElo "1916"]
[BlackElo "1464"]
[PlyCount "130"]
[EventDate "2007.10.14"]
[EventType "team"]
[EventRounds "11"]
[EventCountry "HUN"]
[SourceTitle "EXT 2009"]
[Source "ChessBase"]
[SourceDate "2008.11.26"]
[SourceVersion "1"]
[SourceVersionDate "2008.11.26"]
[SourceQuality "1"]
[WhiteTeam "Tapolca Szeremley"]
[BlackTeam "Haladas III"]
[WhiteTeamCountry "HUN"]
[BlackTeamCountry "HUN"]

1. e4 c5 2. Nf3 d6 3. d4 cxd4 4. Nxd4 Nf6 5. Nc3 e6 6. Be3 a6 7. g3 Be7 8. Bg2 0-0 9. 0-0 e5 10. Nb3 Nc6 11. Nd5 Nxd5 12. exd5 Nb8 13. Qd2 Nd7 14. Qb4 b6 15. a4 a5 16. Qc3 Ba6 17. Rfc1 Rc8 18. Qd2 f5 19. f4 Bf6 20. Rab1 Bc4 21. Bf1 Bxf1 22. Rxf1 Nc5 23. Bxc5 dxc5 24. d6 e4 25. Qd5+ Kh8 26. c3 Qd7 27. Ra1 c4 28. Nc1 Rfd8 29. Ne2 Rc5 30. Qd2 Qxd6 31. Qxd6 Rxd6 32. Rad1 Rcd5 33. Rxd5 Rxd5 34. Rb1 Be7 35. Kf1 Bc5 36. b4 cxb3 37. Rxb3 Kg8 38. Ke1 Kf7 39. Nc1 Ke7 40. Ke2 Kd7 41. h3 Kc6 42. Rb1 Be7 43. Nb3 Bf6 44. Rc1 Rd3 45. Kf2 Rxc3 46. Rxc3+ Bxc3 47. Ke3 Kd5 48. g4 g6 49. gxf5 gxf5 50. Nc1 Kc4 51. Ne2 Be1 52. Nc1 Kb4 53. Kd4 Bc3+ 54. Kd5 Kxa4 55. Ke6 Bd2 56. Ne2 b5 57. Kxf5 b4 58. Kxe4 b3 59. Kd3 Bb4 60. f5 Ka3 61. f6 b2 62. Kc2 Ka2 63. Nc3+ Bxc3 64. Kxc3 b1Q 65. f7 Qf1 0-1